OPERATIONS MANUAL (Record no. 24044)
[ view plain ]
| 000 -LEADER | |
|---|---|
| fixed length control field | 00306nam a2200121Ia 4500 |
| 008 - FIXED-LENGTH DATA ELEMENTS--GENERAL INFORMATION | |
| fixed length control field | 240624s9999 xx 000 0 und d |
| 041 ## - LANGUAGE CODE | |
| Language code of text/sound track or separate title | eng |
| 082 ## - DEWEY DECIMAL CLASSIFICATION NUMBER | |
| Classification number | 332.642 BRO |
| 100 ## - MAIN ENTRY--PERSONAL NAME | |
| Personal name | BROKERS FORUM |
| 245 ## - TITLE STATEMENT | |
| Title | OPERATIONS MANUAL |
| 260 ## - PUBLICATION, DISTRIBUTION, ETC. | |
| Date of publication, distribution, etc. | 2015 |
| Place of publication, distribution, etc. | ManualMumbai |
| Name of publisher, distributor, etc. | Brokers Forum |
| 300 ## - PHYSICAL DESCRIPTION | |
| Extent | 506 : p. : cm. ; 28 |
| Withdrawn status | Lost status | Damaged status | Not for loan | Home library | Current library | Shelving location | Date acquired | Full call number | Barcode | Date last seen | Price effective from | Koha item type |
|---|---|---|---|---|---|---|---|---|---|---|---|---|
| IMTN | IMTN | Rack 12-B | 03/03/2015 | 332.642 BRO | 24044 | 06/24/2024 | 06/24/2024 | Books |